Administracin̤ pb︢lica y corrupcin̤

Bibliographic Details
Format: eBook
Language:Spanish
Published: La Plata: Editorial Scotti Libros, 2017
Subjects:
Online Access:Acceso restringido

MARC

LEADER 00000nam a22000007a 4500
005 20180220233730.0
007 cr|||| ||||
008 180220s2017 ar |||||s|||| 00||0 spa d
020 |a 978-950-572-917-3 
035 |a 20975 
040 |a vLex 
090 |c 7391  |d 7391 
245 0 0 |a Administracin̤ pb︢lica y corrupcin̤  |h [Recurso electrn̤ico] / 
256 |a Servicio en ln̕ea 
260 |a La Plata:  |b Editorial Scotti Libros,  |c 2017 
300 |a 1 recurso electrn̤ico (456 p.) 
506 1 |a Disponible solo en los productos indicados  |d vLex Global  |d vLex Global (Academic Edition, excluding Law Schools)  |d vLex Global (U.S. Academic Edition, Law Schools)  |d vLex Global (U.S. Academic Edition, excluding Law Schools)  |d vLex Global (Academic Edition, Law Schools) 
650 0 4 |a Derecho Penal  |z Argentina 
650 0 4 |a Derecho Pb︢lico y Administrativo  |z Argentina 
740 0 |a vLex Libros (Servicio en ln̕ea) 
856 4 0 |u http://vlex.com/source/administracion-publica-corrupcion-20975  |z Acceso restringido 
942 |c BOOK 
999 0 |a Criminal Law 
999 0 |a Public and Administrative Law